| 000 | 00357pab a2200145 454500 | ||
|---|---|---|---|
| 008 | 180718b1996 xxu||||| |||| 00| 0 eng d | ||
| 100 | _aGopalaswami, T.V. | ||
| 245 | _aUnderstanding the pattern of exports (review article) | ||
| 260 | _c1996 | ||
| 300 | _ap.36,42 | ||
| 362 | _aSep | ||
| 650 | _aInternational trade | ||
| 773 | _aYojana | ||
| 909 | _a32237 | ||
| 999 |
_c32237 _d32237 |
||